[Event "ICS rated blitz match"]
[Site "207.99.83.227"]
[Date "1999.04.12"]
[Round "?"]
[White "totoff"]
[Black "Hossa"]
[Result "1-0"]
[WhiteElo "2146"]
[BlackElo "2481"]
[Annotator "Crafty v16.6"]
[PlyCount "89"]

{annotating for player Hossa using a scoring margin of +0.10 pawns. search
time limit is 20.00} 1. e4 1... d6 2. d4 Nf6 3. Nc3 g6 ({8:-0.66} 3... g6 4.
Be2 d5 5. e5 Ne4 6. Nxe4 dxe4 7. Bg5 7... Bf5 $14) ({8:-0.36} 3... Nc6 4. Bb5
Bd7 5. Nf3 a6 6. Bc4 Na5 7. Bd3 $14) 4. Be3 Bg7 5. f3 Nc6 ({8:-0.43} 5... Nc6
6. Qd2 O-O 7. O-O-O Nb4 8. Nge2 Be6 9. d5 $14) ({8:-0.18} 5... O-O 6. Qd3 c6 7.
O-O-O Na6 8. Nge2 Nb4 9. Qc4 $10) 6. Nge2 e5 ({9:-0.58} 6... e5 7. d5 Na5 8.
Ng3 c5 9. Bb5+ Bd7 10. Qd3 O-O 11. O-O-O $14) ({9:-0.34} 6... O-O 7. Qd2 Na5 8.
Ng3 c5 9. dxc5 dxc5 10. O-O-O Qxd2+ 11. Rxd2 c4 12. Be2 $14) 7. d5 Ne7 8. Qd2
Bd7 ({9:-0.82} 8... Bd7 9. Bh6 Bxh6 10. Qxh6 Nh5 11. O-O-O f5 12. Qe3 Nc8 13.
exf5 13... Bxf5 $16) ({9:-0.60} 8... O-O 9. O-O-O Bd7 10. Bg5 b5 11. Qd3 b4 12.
Nb5 12... Re8 $14) 9. Nc1 Qb8 ({9:-0.62} 9... Qb8 10. Nb3 O-O 11. O-O-O Rc8 12.
Kb1 c6 13. dxc6 Rxc6 14. Bh6 Bxh6 15. Qxh6 $14) ({9:-0.21} 9... O-O 10. Nd3 c6
11. dxc6 Nxc6 12. O-O-O Qa5 13. Bh6 Bxh6 14. Qxh6 14... Nd4 $10) 10. a4 Kd8 ({
8:-1.32} 10... Kd8 11. Bc4 Nh5 12. O-O f5 13. Bg5 Nf6 14. Bxf6 14... Bxf6 $16)
({8:-0.06} 10... O-O 11. Bh6 c6 12. Bxg7 Kxg7 13. dxc6 Nxc6 14. Nb5 Ne8 15. Qg5
$10) 11. Be2 Kc8 ({8:-1.14} 11... Kc8 12. a5 Kd8 13. O-O Nh5 14. a6 f5 15. exf5
$16) ({8:-0.67} 11... Ne8 12. Bb5 f5 13. Bxd7 Kxd7 14. Nb3 fxe4 15. Nxe4 Kd8
16. O-O $14) 12. O-O Rf8 ({9:-1.45} 12... Rf8 13. Bh6 Rg8 14. Bxg7 Rxg7 15. a5
Kd8 16. Qg5 Nh5 17. a6 $16) ({9:-1.10} 12... Kd8 13. a5 Nh5 14. a6 bxa6 15.
Bxa6 Ke8 16. Nd3 Qd8 17. Nb5 $16) 13. Nb5 a6 ({7:-1.16} 13... a6 14. Nc3 Kd8
15. Bc4 Qc8 16. Bg5 16... h5 $16) ({7:-0.92} 13... Nh5 14. Bh6 Bxh6 15. Qxh6
Rh8 16. Nc3 Nf4 17. Qg5 $16) 14. Nc3 Be8 ({9:-1.39} 14... Be8 15. Bh6 Bxh6 16.
Qxh6 Nd7 17. Rf2 f5 18. Qxh7 Bf7 19. Qh4 $16) ({9:-0.81} 14... Nfg8 15. Bc4 f5
16. Qd3 Kd8 17. Bg5 fxe4 18. Nxe4 Nf6 19. Be3 $16) 15. b4 Bd7 ({9:-1.26} 15...
Bd7 16. Bh6 Bxh6 17. Qxh6 Qa7+ 18. Rf2 Re8 19. Qg5 Qd4 20. Qxf6 20... Qxc3 $16)
({9:-1.06} 15... Nfg8 16. Nb3 f5 17. b5 a5 18. Bc4 Kd8 19. exf5 Nxf5 20. Bg5+
20... Nf6 $16) 16. Nb3 Nh5 17. a5 Nf4 18. Bc4 Rh8 ({8:-1.22} 18... Rh8 19. b5
axb5 20. Bxb5 f5 21. Bxd7+ Kxd7 22. exf5 Nxf5 23. Rae1 Bh6 24. Bf2 $16) ({
8:-0.81} 18... f5 19. Bxf4 exf4 20. Rfe1 Qa7+ 21. Kh1 h6 22. Re2 Rb8 23. exf5
23... Nxf5 $16) 19. b5 axb5 20. Bxb5 Bxb5 ({7:-1.81} 20... Bxb5 21. Nxb5 Ra6
22. Ra4 g5 23. Rc4 c5 24. dxc6 24... Nxc6 $18) ({7:-1.22} 20... f5 21. Bxd7+
Kxd7 22. g3 Nh5 23. g4 fxg4 24. fxg4 Nf6 25. g5 $16) 21. Nxb5 Re8 ({8:-2.28} 
21... Re8 22. Ra4 Kd7 23. Rc4 c6 24. dxc6+ Nxc6 25. Bxf4 exf4 26. Qxf4 26...
Nxa5 $18) ({8:-1.81} 21... Kd8 22. Ra4 Bh6 23. Rc4 c5 24. dxc6 Nxc6 25. Rd1
25... f6 $18) 22. c4 Rh8 ({8:-2.31} 22... Rh8 23. Rac1 Kd7 24. c5 Rc8 25. cxd6
cxd6 26. Rxc8 Qxc8 27. Rc1 $18) ({8:-1.88} 22... f5 23. c5 Kd7 24. cxd6 cxd6
25. Rac1 fxe4 26. fxe4 Rf8 27. Bxf4 27... exf4 $18) 23. Rfc1 Rd8 ({8:-2.47} 
23... Rd8 24. c5 dxc5 25. Nxc5 b6 26. axb6 Rxa1 27. Rxa1 cxb6 28. Na6 $18) ({
8:-2.32} 23... Kd7 24. c5 Rc8 25. cxd6 cxd6 26. Rxc8 Qxc8 27. Rc1 Qd8 28. Bb6
$18) 24. c5 dxc5 25. Bxc5 Nexd5 26. exd5 Rxd5 27. Qc2 e4 ({7:-4.03} 27... e4
28. Qxe4 c6 29. Bd6 Nh3+ 30. gxh3 Rxd6 31. Nxd6+ 31... Qxd6 $18) ({7:-3.31} 
27... c6 28. Rd1 Kd7 29. Bd6 Qc8 30. Nc5+ Kd8 31. Rxd5 31... cxd5 $18) 28. fxe4
Rg5 29. g3 Bxa1 30. Rxa1 Nh3+ ({7:-2.91} 30... Nh3+ 31. Kh1 Kd7 32. Bb4 Rxb5
33. Qd3+ Kc8 34. Qxb5 Nf2+ 35. Kg1 35... Nxe4 $18) ({7:-2.10} 30... Ra6 31. Rd1
Rg4 32. Qc4 Ne6 33. Bd6 33... Rc6 $18) 31. Kg2 Nf4+ 32. Kh1 Ne6 33. Rd1 Rh5 34.
Qd2 Nd4 35. Qxd4 b6 36. Qd7+ Kb7 37. Bxb6 Qg8 38. Qxc7+ Ka6 39. Nd6 Qc8 40.
Nxc8 Rxc8 41. Qxc8+ Kb5 42. Nd4+ Kb4 43. Rb1+ Ka3 44. Qc3+ Ka4 45. Qb4# 1-0

[Event "ICS rated blitz match"]
[Site "207.99.83.227"]
[Date "1999.04.12"]
[Round "?"]
[White "Hossa"]
[Black "Malanga"]
[Result "1/2-1/2"]
[WhiteElo "2453"]
[BlackElo "2097"]
[PlyCount "93"]

1. e4 e5 2. Nf3 Nc6 3. Bc4 Be7 4. Nc3 Nf6 5. d4 d6 6. dxe5 dxe5 7. Qxd8+ Bxd8
8. Bg5 Bg4 9. Bxf6 Bxf6 10. Nd5 Bd8 11. Bb5 O-O 12. Bxc6 bxc6 13. Ne3 Be6 14.
Nxe5 Bf6 15. N5c4 Rab8 16. e5 Bxc4 17. exf6 Be6 18. fxg7 Kxg7 19. O-O-O Rfd8
20. Rxd8 Rxd8 21. Rd1 Rd6 22. a4 Kf6 23. g4 Rxd1+ 24. Kxd1 Kg5 25. f3 Kh4 26.
b3 Kh3 27. Nf1 Kg2 28. Ke2 c5 29. c4 f5 30. gxf5 Bf7 31. f6 h5 32. Ne3+ Kxh2
33. Nf5 Kg2 34. Nh6 Be6 35. f4 h4 36. f5 Bf7 37. Nxf7 h3 38. Nh6 h2 39. f7 h1=Q
40. f8=Q Qf1+ 41. Kd2 Qf4+ 42. Kc2 Qf2+ 43. Kb1 Qe1+ 44. Kc2 Qe2+ 45. Kc1 Qe1+
46. Kc2 Qe2+ 47. Kc1 {Game drawn by mutual agreement} 1/2-1/2

[Event "ICS Rated blitz match"]
[Site "207.99.83.227"]
[Date "1999.04.12"]
[Round "?"]
[White "Malanga"]
[Black "Hossa"]
[Result "0-1"]
[WhiteElo "2109"]
[BlackElo "2441"]
[PlyCount "71"]

1. Nf3 d5 2. d3 Bf5 3. Nc3 e6 4. Bf4 Nf6 5. h3 Bb4 6. a3 Bxc3+ 7. bxc3 O-O 8.
Nh4 Nh5 9. Nxf5 Nxf4 10. Ng3 Qf6 11. Qd2 Nc6 12. e3 Ng6 13. Be2 Rad8 14. O-O a6
15. a4 Qh4 16. Rfb1 b6 17. d4 a5 18. Bb5 Na7 19. Qe2 Nxb5 20. Rxb5 Rd6 21. c4
Ne7 22. c5 Rc6 23. cxb6 cxb6 24. Rab1 Rfc8 25. R1b2 Rc4 26. Rxb6 Rxa4 27. Rb8
Rac4 28. Rxc8+ Nxc8 29. Rb8 Qd8 30. Kh2 a4 31. Ra8 Qd7 32. Nh5 f5 33. f4 Qc6
34. Ra5 Rxc2 35. Qf3 g6 36. Nf6+ {Malanga resigns} 0-1

[Event "ICS rated blitz match"]
[Site "207.99.83.227"]
[Date "1999.04.12"]
[Round "?"]
[White "Hossa"]
[Black "Malanga"]
[Result "1-0"]
[WhiteElo "2445"]
[BlackElo "2105"]
[PlyCount "67"]

1. e4 c5 2. Bc4 e6 3. Nc3 Nf6 4. Nf3 d5 5. exd5 exd5 6. Bb5+ Bd7 7. Bxd7+ Qxd7
8. d4 Nc6 9. O-O Be7 10. dxc5 Bxc5 11. Bg5 Be7 12. Bxf6 Bxf6 13. Re1+ Kf8 14.
Qxd5 Qxd5 15. Nxd5 h5 16. Nxf6 gxf6 17. Rad1 Re8 18. Rd7 Rxe1+ 19. Nxe1 Na5 20.
Rc7 Kg7 21. Nd3 Rd8 22. b4 Nc6 23. Rxb7 Ne5 24. Rxa7 Nxd3 25. cxd3 Rxd3 26. g3
h4 27. Kg2 Kg6 28. a4 Rd4 29. Rb7 f5 30. Rb6+ Kg5 31. a5 f4 32. a6 fxg3 33.
hxg3 hxg3 34. a7 {Malanga resigns} 1-0

[Event "ICS rated blitz match"]
[Site "207.99.83.227"]
[Date "1999.04.12"]
[Round "?"]
[White "totoff"]
[Black "Hossa"]
[Result "0-1"]
[WhiteElo "2163"]
[BlackElo "2449"]
[PlyCount "130"]

1. e4 d6 2. d4 Nf6 3. Nc3 g6 4. Be3 Bg7 5. f3 Nc6 6. Nge2 e5 7. d5 Ne7 8. Qd2
Bd7 9. Nc1 Qb8 10. a4 Kd8 11. Be2 Kc8 12. O-O Rf8 13. Nb5 a6 14. Nc3 Be8 15. b4
Bd7 16. Nb3 Rh8 17. a5 Nh5 18. b5 Nf4 19. Bc4 axb5 20. Bxb5 Bxb5 21. Nxb5 g5
22. c4 Bf6 23. Rfc1 Rd8 24. c5 dxc5 25. Rxc5 c6 26. Qc2 Kd7 27. dxc6+ bxc6 28.
Nc3 Ke8 29. a6 Qb6 30. Bf2 Nd3 31. Na4 Qb8 32. Ra5 Rxa6 33. Rxa6 Nb4 34. Qc4
Nxa6 35. Nb6 Nc7 36. Na5 Na8 37. Rb1 Nxb6 38. Bxb6 Rd1+ 39. Rxd1 Qxb6+ 40. Kh1
Qxa5 41. Qd3 Kf8 42. g3 Qc7 43. Kg2 Kg8 44. Qc4 Qb6 45. Rd2 Nc8 46. Rd7 Be7 47.
Kh3 c5 48. Qd5 Qh6+ 49. Kg2 Nb6 50. Rd8+ Bxd8 51. Qxd8+ Kg7 52. Qe7 c4 53.
Qxe5+ Qf6 54. Qc5 Qb2+ 55. Kh3 h6 56. e5 c3 57. Qd6 c2 58. Qf6+ Kg8 59. Qd8+
Kh7 60. Qf8 Qb3 61. Qc5 Qb1 62. Qf8 Qf1+ 63. Kg4 Qc4+ 64. Kh3 c1=Q 65. e6 65...
Q1f1# {totoff checkmated} 0-1

[Event "ICS rated blitz match"]
[Site "207.99.83.227"]
[Date "1999.04.12"]
[Round "?"]
[White "Hossa"]
[Black "totoff"]
[Result "1-0"]
[WhiteElo "2454"]
[BlackElo "2158"]
[PlyCount "56"]

1. e4 e6 2. Nf3 c5 3. Bb5 a6 4. Be2 Nc6 5. O-O Nf6 6. d3 Be7 7. Bg5 h6 8. Bh4
d6 9. c4 O-O 10. Nc3 Rb8 11. Qe1 b5 12. cxb5 axb5 13. Rc1 b4 14. Na4 Bd7 15.
Bd1 Ra8 16. Bc2 Nb8 17. b3 Bb5 18. Bxf6 Bxf6 19. e5 Be7 20. exd6 Bxd6 21. Qe4
Bc6 22. Qg4 Be7 23. d4 cxd4 24. Nxd4 Bb7 25. Rfd1 Nd7 26. Nxe6 fxe6 27. Qxe6+
Rf7 28. Rxd7 28... Qa5 {totoff resigns} 1-0

[Event "ICS rated blitz match"]
[Site "207.99.83.227"]
[Date "1999.04.12"]
[Round "?"]
[White "Hossa"]
[Black "totoff"]
[Result "1-0"]
[WhiteElo "2464"]
[BlackElo "2148"]
[PlyCount "73"]

1. e4 e6 2. Nf3 c5 3. Bb5 a6 4. Be2 Nc6 5. O-O Nf6 6. d3 Be7 7. Bg5 h6 8. Bh4
d6 9. Nc3 O-O 10. Qe1 b5 11. Rc1 b4 12. Nd1 Bb7 13. Ne3 Nd4 14. Nxd4 cxd4 15.
Qxb4 dxe3 16. Qxb7 exf2+ 17. Bxf2 Rb8 18. Qxa6 Rxb2 19. Bd4 Rb8 20. c3 Ra8 21.
Qc4 Qa5 22. Rb1 Rfc8 23. Qb3 Qxa2 24. Bf3 Qxb3 25. Rxb3 e5 26. Be3 Ra2 27. h3
Rc2 28. c4 Ra8 29. Rb7 Kf8 30. Kh2 Rc3 31. Be2 Ra2 32. Rb8+ Ne8 33. Bh5 Bf6 34.
Bxh6 Rxd3 35. Rxf6 gxh6 36. Rxf7+ Kg8 37. Rxe8# {totoff checkmated} 1-0

[Event "ICS rated blitz match"]
[Site "207.99.83.227"]
[Date "1999.04.12"]
[Round "?"]
[White "LXSBC-EGN"]
[Black "Hossa"]
[Result "1/2-1/2"]
[WhiteElo "2219"]
[BlackElo "2468"]
[PlyCount "102"]

1. e4 d6 2. Nc3 Nf6 3. f4 e5 4. Nf3 Bg4 5. h3 Bxf3 6. Qxf3 Nbd7 7. Bc4 exf4 8.
Qxf4 Be7 9. d4 Nb6 10. Bb3 O-O 11. O-O a5 12. e5 dxe5 13. dxe5 Nfd5 14. Nxd5
Nxd5 15. Qg3 Ra6 16. Be3 Rg6 17. Qf3 Nxe3 18. Qxe3 Qd7 19. Qf3 Qe8 20. Rad1 c6
21. Kh1 b5 22. c3 Rh6 23. a4 b4 24. Rd4 g5 25. Qf5 c5 26. Rd3 bxc3 27. bxc3 Rb6
28. Bc2 Rh6 29. Rg3 Kh8 30. Bb3 Rh4 31. Rg4 Rxg4 32. hxg4 f6 33. Bc2 Qg6 34.
Qxg6 hxg6 35. Bxg6 fxe5 36. Rxf8+ Bxf8 37. c4 Be7 38. Kh2 Kg7 39. Bf5 Kf6 40.
Kg3 Bd8 41. Kf3 Ke7 42. Ke4 Kd6 43. Bh7 Bc7 44. Bg8 Bb6 45. Bd5 Bd8 46. Kf5 Be7
47. Be4 Bd8 48. Bd5 Be7 49. Be4 Bd8 50. Bd5 Be7 51. Be4 51... Bd8 {
Game drawn by repetition} 1/2-1/2

[Event "ICS rated blitz match"]
[Site "207.99.83.227"]
[Date "1999.04.12"]
[Round "?"]
[White "Hossa"]
[Black "cipolletti"]
[Result "1-0"]
[WhiteElo "2475"]
[BlackElo "2202"]
[PlyCount "69"]

1. e4 c6 2. Nc3 d5 3. exd5 cxd5 4. Nf3 Nf6 5. Bb5+ Nc6 6. O-O a6 7. Bxc6+ bxc6
8. d3 Bg4 9. Bg5 e6 10. h3 Bh5 11. g4 Bg6 12. Ne5 Bd6 13. Bxf6 Qxf6 14. Nf3 Qf4
15. Qe2 h5 16. g5 h4 17. Qe3 Qf5 18. Nd4 Qe5 19. Qxe5 Bxe5 20. Nxc6 Bxc3 21.
bxc3 O-O 22. Rab1 Rfc8 23. Ne7+ Kf8 24. Nxc8 Rxc8 25. Rb3 Bf5 26. Kh2 g6 27.
Re1 Kg7 28. Re5 Rc5 29. f3 Ra5 30. a3 Ra4 31. Re2 Rf4 32. Rb4 Rxf3 33. Rxh4 Rf1
34. Kg2 Rb1 35. Rb4 {cipolletti resigns} 1-0

[Event "ICS rated blitz match"]
[Site "207.99.83.227"]
[Date "1999.04.12"]
[Round "?"]
[White "SABINAH"]
[Black "Hossa"]
[Result "1/2-1/2"]
[WhiteElo "2090"]
[BlackElo "2481"]
[PlyCount "76"]

1. e4 e5 2. Nf3 Nc6 3. Bb5 a6 4. Bxc6 dxc6 5. O-O Bg4 6. h3 h5 7. d3 Bxf3 8.
Qxf3 Qe7 9. Be3 O-O-O 10. Nc3 Qf6 11. Qxf6 Nxf6 12. Bg5 Bc5 13. Ne2 h4 14. Bxf6
gxf6 15. Rae1 b5 16. Kh1 Rd7 17. f4 Rg8 18. fxe5 fxe5 19. Rf5 Kb7 20. Rxe5 Be7
21. Rf5 Rg7 22. Ref1 Bg5 23. Nf4 Be7 24. Nh5 Rh7 25. Nf6 Bxf6 26. Rxf6 a5 27.
R1f4 b4 28. b3 Kb6 29. R4f5 Re7 30. Kg1 Rd7 31. Kf2 Re7 32. Kf3 Rd7 33. Kg4
Rg7+ 34. Rg5 Rh7 35. Rh5 Rg7+ 36. Rg5 Rh7 37. Rf2 Rd8 38. Rf6 38... Rd7 {
Game drawn by repetition} 1/2-1/2

[Event "ICS rated blitz match"]
[Site "207.99.83.227"]
[Date "1999.04.12"]
[Round "?"]
[White "Hossa"]
[Black "SABINAH"]
[Result "1-0"]
[WhiteElo "2468"]
[BlackElo "2103"]
[PlyCount "63"]

1. e4 c6 2. Nc3 d5 3. exd5 cxd5 4. Nf3 Nc6 5. Bb5 Bg4 6. O-O e6 7. a3 Bd6 8.
Re1 Nf6 9. d3 O-O 10. Bg5 Qc7 11. h3 Bh5 12. Bxf6 gxf6 13. Bxc6 bxc6 14. Rb1
Rab8 15. Qe2 Kh8 16. a4 Rg8 17. d4 Rg7 18. Qe3 Bxf3 19. Qxf3 f5 20. Ne2 Rbg8
21. Rbd1 c5 22. Kh1 c4 23. g3 Qb6 24. Rb1 Qb4 25. Nc3 Bxg3 26. fxg3 Rxg3 27.
Qh5 Qd6 28. a5 Qf4 29. Rf1 Qxd4 30. Rbe1 f4 31. Qh4 f3 32. Qxd4+ {
SABINAH resigns} 1-0

[Event "ICS rated blitz match"]
[Site "207.99.83.227"]
[Date "1999.04.12"]
[Round "?"]
[White "SABINAH"]
[Black "Hossa"]
[Result "1/2-1/2"]
[WhiteElo "2094"]
[BlackElo "2477"]
[PlyCount "64"]

1. e4 e5 2. Nf3 Nc6 3. Bb5 a6 4. Bxc6 dxc6 5. O-O Bg4 6. h3 h5 7. d3 Bxf3 8.
Qxf3 Qe7 9. Be3 O-O-O 10. Nc3 Qf6 11. Qxf6 Nxf6 12. Bg5 Bc5 13. Rae1 h4 14.
Bxf6 gxf6 15. Kh1 Rhg8 16. f4 Rd7 17. fxe5 fxe5 18. Rf5 Bd4 19. Ref1 b5 20.
Rxf7 Rg7 21. Rxd7 Kxd7 22. Rf6 a5 23. Rh6 Bf2 24. Ne2 Rf7 25. Rh5 Ke6 26. Rh6+
Kd7 27. Rh5 Ke6 28. Ng1 Bxg1 29. Kxg1 Rf4 30. Rh6+ Kd7 31. Rh5 Ke6 32. Rh6+
32... Kd7 {Game drawn by mutual agreement} 1/2-1/2

[Event "ICS rated blitz match"]
[Site "207.99.83.227"]
[Date "1999.04.12"]
[Round "?"]
[White "Hossa"]
[Black "SABINAH"]
[Result "1-0"]
[WhiteElo "2464"]
[BlackElo "2107"]
[PlyCount "97"]

1. e4 c6 2. Nc3 d5 3. exd5 cxd5 4. Nf3 Nc6 5. Bb5 Bg4 6. O-O e6 7. a3 Nf6 8. d3
Bd6 9. Be3 O-O 10. Bxc6 bxc6 11. Ra2 e5 12. Bg5 h6 13. Bh4 g5 14. Bg3 e4 15.
dxe4 Bxg3 16. fxg3 Qb6+ 17. Qd4 Qxd4+ 18. Nxd4 Nxe4 19. Nxc6 Nxc3 20. Ne7+ Kg7
21. bxc3 Be6 22. Rb2 Rfe8 23. Rb7 Kf8 24. Nc6 Kg7 25. Nxa7 Reb8 26. Rxb8 Rxb8
27. Nc6 Rc8 28. Nd4 Rxc3 29. Rf3 Rc4 30. Rd3 Bd7 31. Kf2 Ba4 32. Nf5+ Kf6 33.
Ne3 Rc8 34. Nxd5+ Kg7 35. c3 Bb5 36. Rf3 Bc6 37. Ne7 Bxf3 38. Nxc8 Bc6 39. c4
Kf6 40. Nb6 Ke5 41. a4 Kd4 42. a5 Kc5 43. g4 Bb7 44. Nd7+ Kxc4 45. Ne5+ Kb5 46.
Nxf7 Kxa5 47. Nxh6 Kb5 48. Nf7 Bc8 49. Nd6+ {SABINAH resigns} 1-0

[Event "ICS rated blitz match"]
[Site "207.99.83.227"]
[Date "1999.04.12"]
[Round "?"]
[White "SABINAH"]
[Black "Hossa"]
[Result "0-1"]
[WhiteElo "2103"]
[BlackElo "2468"]
[PlyCount "38"]

1. e4 e5 2. Nf3 Nc6 3. Bb5 a6 4. Bxc6 dxc6 5. O-O Qd6 6. d4 exd4 7. Qxd4 Qxd4
8. Nxd4 Bd7 9. Be3 O-O-O 10. Nc3 Bb4 11. Rad1 Bxc3 12. bxc3 Re8 13. f3 f5 14.
Bg5 fxe4 15. fxe4 h6 16. Bc1 Nf6 17. e5 Rxe5 18. Bf4 Ra5 19. Bg3 19... Ne4 {
SABINAH resigns} 0-1

[Event "ICS rated blitz match"]
[Site "207.99.83.227"]
[Date "1999.04.12"]
[Round "?"]
[White "Hossa"]
[Black "j724"]
[Result "0-1"]
[WhiteElo "2474"]
[BlackElo "2214"]
[Annotator "Crafty v16.6"]
[PlyCount "53"]

{annotating for player Hossa using a scoring margin of +0.10 pawns. search
time limit is 20.00} 1. e4 1... d6 2. d4 Nf6 3. Nc3 g6 4. Nf3 Bg7 5. h3 ({
8:-0.37} 5. h3 5... O-O 6. Bc4 Nc6 7. Ng5 Bd7 8. O-O 8... a6 $15) ({8:+0.19} 5.
Be2 5... O-O 6. O-O Nc6 7. Ng5 Bd7 8. Bf4 8... a6 $10) 5... O-O 6. Be3 ({
8:-0.49} 6. Be3 6... d5 7. exd5 Nxd5 8. Nxd5 Qxd5 9. c4 Qd6 10. c5 10... Qd5
$15) ({8:-0.25} 6. Bg5 6... Nc6 7. Qd2 Nb4 8. O-O-O Be6 9. Kb1 9... Qd7 $10)
6... c6 7. Qd3 ({8:-0.49} 7. Qd3 7... b5 8. e5 Bf5 9. exf6 Bxd3 10. fxg7 Re8
11. Bxd3 11... Kxg7 $15) ({8:-0.21} 7. Qd2 7... d5 8. e5 Ne4 9. Nxe4 dxe4 10.
Ng5 Qd5 11. Be2 $10) 7... Qc7 8. O-O-O b5 9. e5 Nfd7 10. exd6 exd6 11. Re1 ({
9:+0.35} 11. Re1 11... b4 12. Ne4 d5 13. Ng3 Ba6 14. Qd2 Bxf1 15. Rhxf1 15...
Na6 $14) ({9:+0.49} 11. Qd2 11... Nf6 12. Bh6 b4 13. Bxg7 Kxg7 14. Ne2 Ne4 15.
Qe3 15... Bf5 $14) 11... b4 12. Ne2 ({8:+0.15} 12. Ne2 12... Qa5 13. Kb1 Ba6
14. Qd2 Bc4 15. Nc1 15... Bd5 $10) ({8:+0.27} 12. Ne4 12... d5 13. Ng3 Ba6 14.
Qd2 b3 15. axb3 15... Re8 $10) 12... Ba6 13. Qb3 ({8:+0.26} 13. Qb3 13... c5
14. Nf4 Bxd4 15. Nxd4 cxd4 16. Bxd4 Nc6 17. Qd5 Nxd4 18. Qxd4 $10) ({8:+0.46} 
13. Qd2 13... Qa5 14. a3 Bc4 15. Qxb4 Qxb4 16. axb4 Re8 17. Bg5 $14) 13... Qa5
14. Bd2 ({8:+0.14} 14. Bd2 14... c5 15. Nf4 Bxd4 16. Nxd4 Bxf1 17. Rhxf1 cxd4
18. Bxb4 $10) ({8:+0.64} 14. Bf4 14... d5 15. Bd6 Re8 16. Bxb4 Qc7 17. Qc3
17... Bc4 $14) 14... c5 15. Qd5 ({7:-1.37} 15. Qd5 15... Nb6 16. Qb3 Bc4 17.
Qa3 Qxa3 18. bxa3 bxa3 19. dxc5 19... dxc5 $17) ({7:+0.14} 15. Nf4 15... Bxf1
16. Rhxf1 Bxd4 17. Nxd4 cxd4 18. Bxb4 18... Qc7 $10) 15... Nb6 16. Qb3 Nc6 17.
dxc5 ({7:-2.27} 17. dxc5 17... dxc5 18. c3 Bc4 19. Qc2 Qxa2 20. Qb1 Qb3 21.
cxb4 $19) ({7:-1.59} 17. a3 17... Nc4 18. d5 Bxb2+ 19. Kd1 N6e5 20. Nxe5 Bxe5
21. axb4 cxb4 22. Qxb4 $19) 17... dxc5 18. Ng5 ({8:-4.06} 18. Ng5 18... c4 19.
Qf3 Qxa2 20. Kd1 Ne5 21. Qe4 21... Qxb2 $19) ({8:-2.39} 18. c3 18... Bc4 19.
Qc2 Qxa2 20. Qb1 b3 21. Qxa2 bxa2 22. Kc2 $19) 18... c4 19. Qf3 ({8:-7.15} 19.
Qf3 19... Qxa2 20. Kd1 Na4 21. Bxb4 Rad8+ 22. Nd4 Nxb2+ 23. Kc1 23... Nxb4 $19)
({8:-4.75} 19. Qg3 19... Qxa2 20. Kd1 Na4 21. Bf4 Nxb2+ 22. Kd2 c3+ 23. Ke3
23... Qd5 $19) 19... Qxa2 20. Kd1 Qb1+ 21. Nc1 Nd4 22. Qe4 Bb7 23. Qxd4 Bxd4
24. c3 ({8:-12.49} 24. c3 24... Na4 25. Re7 Nxb2+ 26. Ke1 Bxc3 27. Ke2 Bxd2 28.
Kxd2 c3+ 29. Ke2 Qxc1 30. Rxb7 $19) ({8:-10.69} 24. Re7 24... Bxb2 25. Rxb7
Bxc1 26. Bxc1 Rad8+ 27. Bd3 cxd3 28. cxd3 Rxd3+ 29. Ke2 $19) 24... bxc3 25.
bxc3 Bxc3 26. Nxh7 ({7:-13.88} 26. Nxh7 26... Rfd8 27. Nf6+ Bxf6 28. Re3 Bb2
29. Ke1 Bxc1 30. Bxc1 30... Qxc1+ $19) ({7:-11.82} 26. Bxc3 26... Rfd8+ 27. Bd2
Na4 28. Bd3 Nb2+ 29. Ke2 Nxd3 30. Rd1 Nxc1+ 31. Bxc1 Qc2+ 32. Bd2 32... Bxg2
$19) 26... Bxd2 27. Nf6+ 0-1

[Event "ICS rated blitz match"]
[Site "207.99.83.227"]
[Date "1999.04.12"]
[Round "?"]
[White "JudgeTurpin"]
[Black "Hossa"]
[Result "1-0"]
[WhiteElo "2623"]
[BlackElo "2448"]
[Annotator "Crafty v16.6"]
[PlyCount "124"]

{annotating for player Hossa using a scoring margin of +0.10 pawns. search
time limit is 20.00} 1. Nf3 1... Nf6 2. g3 e6 3. Bg2 Bb4 4. c3 Be7 5. d3 d5 6.
Bf4 O-O 7. O-O b6 ({9:-0.34} 7... b6 8. Qd2 Nc6 9. Na3 Ba6 10. Nc2 Nh5 11. Bg5
11... Qd6 $14) ({9:-0.23} 7... Nc6 8. d4 Bd6 9. Bxd6 cxd6 10. Nbd2 Bd7 11. Ng5
Ng4 12. Ndf3 $10) 8. Nbd2 Bb7 9. Ne5 Nc6 10. Ndf3 Bd6 11. d4 Bxe5 ({8:-0.72} 
11... Bxe5 12. Nxe5 Ne4 13. Nxc6 Bxc6 14. Qd3 Qd7 15. Be5 Bb5 16. Qe3 $16) ({
8:-0.37} 11... Ne4 12. Nd2 f6 13. Nxe4 dxe4 14. Nxc6 Bxc6 15. Be3 Qd7 16. Qd2
$14) 12. Nxe5 Nxe5 13. Bxe5 Ng4 ({8:-0.73} 13... Ng4 14. Bf4 c5 15. e4 Nf6 16.
e5 Ne4 17. Qh5 cxd4 18. cxd4 $16) ({8:-0.53} 13... Re8 14. Qd2 Ng4 15. Bf4 e5
16. Bg5 Qd6 17. Rad1 exd4 18. Qxd4 $14) 14. Bf4 Rc8 ({8:-0.80} 14... Rc8 15. e4
Nf6 16. e5 Ne4 17. Qg4 c5 18. Bh6 $16) ({8:-0.64} 14... Nf6 15. Qd3 c5 16. Rac1
Ne4 17. Rc2 cxd4 18. cxd4 18... Qf6 $14) 15. e4 Nf6 16. e5 Nd7 ({9:-0.97} 16...
Nd7 17. Qg4 Qe7 18. b4 Ba6 19. Rfe1 c5 20. Bg5 20... Qe8 $16) ({9:-0.86} 16...
Ne8 17. Qh5 c5 18. Rfd1 a6 19. dxc5 Rxc5 20. Bg5 Qd7 21. Rd4 $16) 17. Qg4 Qe7
18. Rfe1 Kh8 ({9:-0.95} 18... Kh8 19. Bg5 Qe8 20. Qh4 c5 21. Be7 Rg8 22. Bd6
cxd4 23. Qxd4 $16) ({9:-0.81} 18... Rfe8 19. Bg5 Qf8 20. Qd1 c6 21. a3 h6 22.
Bf4 22... Qe7 $16) 19. Bg5 Qe8 20. b3 c5 21. Rac1 Ba6 22. h4 Bd3 23. Kh2 Bf5
24. Qe2 h6 25. Bf4 c4 ({8:-0.68} 25... c4 26. b4 Kg8 27. Kg1 Bd3 28. Qh5 f6 29.
Qg4 fxe5 30. dxe5 $14) ({8:-0.45} 25... Qe7 26. Kg1 Kg8 27. a4 Rc6 28. Qh5 cxd4
29. cxd4 Rfc8 30. Rxc6 30... Rxc6 $14) 26. Qb2 cxb3 27. axb3 Rg8 ({9:-0.62} 
27... Rg8 28. Qa3 a5 29. Qd6 Rf8 30. Kg1 Kg8 31. h5 31... Bd3 $14) ({9:-0.30} 
27... Qe7 28. Qd2 Rc7 29. Kg1 Kg8 30. f3 Rfc8 31. h5 31... a6 $10) 28. Qa3 a5
29. c4 g5 ({8:-0.30} 29... g5 30. hxg5 hxg5 31. Bd2 dxc4 32. bxc4 Qf8 33. Qf3
Qh6+ 34. Kg1 34... Rgd8 $10) ({8:-0.13} 29... dxc4 30. bxc4 Qf8 31. Qf3 Qb4 32.
g4 Bh7 33. Qe2 33... Qe7 $10) 30. hxg5 hxg5 31. Be3 dxc4 32. bxc4 Rg7 33. Kg1
g4 34. c5 bxc5 35. dxc5 Kh7 36. Bd4 Qd8 37. Bb7 Rb8 38. c6 Qc7 39. Qd6 Qxd6 40.
exd6 Rgg8 41. Ba7 Rbd8 42. c7 Rc8 43. Bxc8 Rxc8 44. Ra1 Bd3 45. Rxa5 Kg6 46.
Bd4 Bc2 47. Ra3 Kf5 48. Rae3 Kg6 49. Ra1 Kf5 50. Ra5+ Kg6 51. Kf1 Bd1 52. Ree5
f6 53. Rxe6 Rh8 54. Ke1 Bb3 55. Re7 Rh1+ 56. Ke2 Bc4+ 57. Ke3 Rh8 58. Rxd7 Be6
59. Rd8 Rh1 60. d7 Bxd7 61. Rxd7 Rc1 62. Ra6 Kh5 1-0

[Event "ICS rated blitz match"]
[Site "207.99.83.227"]
[Date "1999.04.12"]
[Round "?"]
[White "Hossa"]
[Black "blunite"]
[Result "1-0"]
[WhiteElo "2439"]
[BlackElo "2280"]
[PlyCount "95"]

1. e4 e5 2. Nf3 Nc6 3. Bc4 Nf6 4. Ng5 Bc5 5. Nxf7 Bxf2+ 6. Kf1 Qe7 7. Nxh8 d5
8. exd5 Nd4 9. d6 cxd6 10. d3 Bg4 11. Qd2 Bh4 12. h3 Be2+ 13. Kg1 O-O-O 14. Nf7
Nh5 15. Bd5 Qf6 16. Qe3 Bg3 17. Nd2 Bf4 18. Qf2 Ng3 19. Nxd8 Bd1 20. Bxb7+ Kxd8
21. Bf3 Bxf3 22. gxf3 Nde2+ 23. Kg2 Qg6 24. Qxa7 Nxh1+ 25. Kf1 Qg3 26. Qb6+ Kd7
27. Qb7+ Kd8 28. Qb8+ Kd7 29. Qb5+ Kd8 30. Qa5+ Kd7 31. Qa4+ Kd8 32. Qa8+ Kd7
33. Ne4 Qxf3+ 34. Ke1 Nd4 35. Qb7+ Kd8 36. Qb8+ Kd7 37. Qxd6+ Ke8 38. Qb8+ Ke7
39. Qc7+ Ke6 40. Qc4+ Ke7 41. Qc7+ Ke6 42. Qd6+ Kf7 43. Qd7+ Kg6 44. Qe8+ Kh6
45. Bxf4+ exf4 46. Kd2 Ne2 47. Nd6 Nhg3 48. Nf7+ {blunite resigns} 1-0